[Event "Brno Duras BVK op-B"]
[Site "Brno"]
[Date "2003.07.01"]
[Round "4"]
[White "Urbanek, Petr"]
[Black "Porc, Pavel"]
[Result "1/2-1/2"]
[WhiteElo "1250"]
[BlackElo "1565"]
[PlyCount "94"]
[EventDate "2003.06.28"]
[EventType "swiss"]
[EventRounds "9"]
[EventCountry "CZE"]
[SourceTitle "EXT 2006"]
[Source "ChessBase"]
[SourceDate "2005.11.24"]
[SourceVersion "1"]
[SourceVersionDate "2005.11.24"]
[SourceQuality "1"]

1. e4 c6 2. d4 d5 3. e5 Bf5 4. Nf3 Nd7 5. Bd3 Bxd3 6. Qxd3 e6 7. 0-0 c5 8. b3 Rc8 9. Nbd2 h6 10. c4 Ne7 11. Bb2 dxc4 12. Nxc4 Nc6 13. Rfe1 Be7 14. Rad1 Nb4 15. Qb1 Nd5 16. a4 0-0 17. Qe4 N7b6 18. Qc2 Nb4 19. Qc3 N6d5 20. Qc1 cxd4 21. Bxd4 a6 22. Qb2 b5 23. axb5 axb5 24. Ne3 Qd7 25. Nxd5 Nxd5 26. Be3 Qb7 27. Rb1 Rc6 28. Bd2 Rfc8 29. Qd4 Bc5 30. Qg4 Kf8 31. Qe4 Qb6 32. Rf1 Qb7 33. Qh7 f5 34. Bxh6 Qf7 35. Qh8+ Qg8 36. Bxg7+ Ke7 37. Bf6+ Kd7 38. Qh4 Nc3 39. Rb2 Ne4 40. Rd1+ Kc7 41. h3 Qg6 42. Bd8+ Kb8 43. Re1 Qg8 44. Bf6 Bb6 45. Kh2 Rc2 46. Rxc2 Rxc2 47. Rd1 Rxf2 1/2-1/2

[Event "Brno Duras BVK op-B"]
[Site "Brno"]
[Date "2003.06.30"]
[Round "3"]
[White "Bartas, David"]
[Black "Urbanek, Petr"]
[Result "1-0"]
[WhiteElo "1250"]
[BlackElo "1250"]
[PlyCount "71"]
[EventDate "2003.06.28"]
[EventType "swiss"]
[EventRounds "9"]
[EventCountry "CZE"]
[SourceTitle "EXT 2006"]
[Source "ChessBase"]
[SourceDate "2005.11.24"]
[SourceVersion "1"]
[SourceVersionDate "2005.11.24"]
[SourceQuality "1"]

1. e4 e5 2. Nf3 Nc6 3. Bb5 Bc5 4. 0-0 a6 5. Bxc6 dxc6 6. Nxe5 Nf6 7. d3 0-0 8. Bg5 h6 9. Bh4 Bd6 10. Nc4 b5 11. Nxd6 cxd6 12. Qf3 g5 13. Bg3 Bg4 14. Qe3 Nh5 15. h3 Nxg3 16. Qxg3 Be6 17. Nd2 d5 18. f4 f5 19. fxg5 hxg5 20. Qe5 Qd7 21. Nf3 Qe7 22. Nxg5 Rae8 23. Nxe6 Qxe6 24. Qxe6+ Rxe6 25. exf5 Ref6 26. g4 Kg7 27. Rae1 Rh8 28. Kg2 Kf7 29. Kg3 Rg8 30. Re5 Rd8 31. Rfe1 Rdd6 32. Re7+ Kf8 33. Re8+ Kg7 34. R1e7+ Rf7 35. Rxf7+ Kxf7 36. Re5 1-0

[Event "Brno Duras BVK op-B"]
[Site "Brno"]
[Date "2003.06.28"]
[Round "1"]
[White "Holemar, Kamil"]
[Black "Urbanek, Petr"]
[Result "1-0"]
[WhiteElo "1738"]
[BlackElo "1250"]
[PlyCount "52"]
[EventDate "2003.06.28"]
[EventType "swiss"]
[EventRounds "9"]
[EventCountry "CZE"]
[SourceTitle "EXT 2006"]
[Source "ChessBase"]
[SourceDate "2005.11.24"]
[SourceVersion "1"]
[SourceVersionDate "2005.11.24"]
[SourceQuality "1"]

1. d4 d5 2. c4 e6 3. Nc3 Nf6 4. cxd5 exd5 5. Bg5 Be6 6. Nf3 h6 7. Bf4 Bb4 8. Qb3 Nc6 9. e3 Bxc3+ 10. Qxc3 a6 11. Bd3 0-0 12. h3 Qe7 13. a3 Rac8 14. 0-0 Rfd8 15. Nd2 Rd7 16. Nb3 Rdd8 17. Nc5 Rb8 18. b4 Bd7 19. Bxc7 Bxh3 20. Bxd8 Qxd8 21. gxh3 Qc8 22. Kg2 Ra8 23. Qc2 Ng4 24. Bf5 Nxe3+ 25. fxe3 Qd8 26. Qf2 Qg5+ 1-0